000 00489cam a22001811 4500
001 sa 68001157
003 DLC
005 20260227112430.0
008 710903s1967 ii 00000 eng
010 _asa 68001157 //r85
025 _aPL480:I-E-9105
050 0 _aPL4780.9.S343
_bH4
100 0 0 _aVaasamoorti,
_d1925-
245 1 0 _aHere and beyound,
_ba novel,
_cby Vaasamoorti.
260 0 _aAmalapuram,
_bTelugu Velugu Prachuranalu
_c[1967]
300 _a263 p.
_c19 cm.
350 _aRs8
999 _c77754
_d77754